Analýza fiškálnej politiky v SR diplomová práca

Uložené v:
Podrobná bibliografia
Hlavný autor: Ondejková, Silvia
Korporativný autor: Národohospodárska fakulta EU. Katedra hospodárskej politiky
Ďalší autori: Kopkáš, Peter
Médium: Kniha
Jazyk:Slovak
Vydavateľské údaje: Bratislava 2013
Tagy: Pridať tag
Žiadne tagy, Buďte prvý, kto otaguje tento záznam!

MARC

LEADER 00000nbm a2200000 4500
001 0170539
005 20161109102353.0
041 0 |a slo 
044 |a SK 
245 1 0 |a Analýza fiškálnej politiky v SR  |b diplomová práca  |c Silvia Ondejková ; školiteľ: Peter Kopkáš 
264 1 |a Bratislava  |c 2013 
300 |a 61 s. 
100 1 |a Ondejková, Silvia 
700 1 |a Kopkáš, Peter 
710 2 |a Národohospodárska fakulta EU. Katedra hospodárskej politiky